000 00547nam a2200193 4500
001 110496
003 ES-MaACL
005 20230906185051.0
007 t|
008 061121s1976 sp r ||||1| spa d
100 1 _aOfer, Yehuda.
_986557
245 1 0 _aOperación Jonathan
_b: el raid de Entebbe /
_cYehuda Ofer.
260 _aBarcelona :
_bAymá,
_c1976.
300 _a165 p., 12 lám. ;
_c20 cm.
490 1 _aPresencia del tiempo
830 0 _aPresencia del tiempo
_9183374
852 _aES-MaACL
_jA-7643
_bR.96475
999 _c110496
_d110496